Movies Quiz

Random Movies Quiz
Score 0/25 Timer 06:00
3 Plays Today
Movie % Correct
Charlie and the Chocolate Factory
91.3%
Alice in Wonderland
90.3%
Edward Scissorhands
89.3%
Pirates of the Caribbean: The Curse of the Black Pearl
89%
Rango
79.6%
Corpse Bride
78.2%
Chocolat
73.6%
Sweeney Todd: The Demon Barber of Fleet Street
73.4%
Sleepy Hollow
67.4%
Fear and Loathing in Las Vegas
64.9%
Public Enemies
52.9%
Blow
47.5%
Ed Wood
46.3%
Movie % Correct
Cry-Baby
42.2%
Secret Window
41.4%
Once Upon a Time in Mexico
37.2%
Donnie Brasco
36.4%
Finding Neverland
35.2%
Benny & Joon
29%
From Hell
26.9%
The Ninth Gate
18.1%
Dead Man
14.6%
The Astronaut's Wife
13.9%
The Imaginarium of Doctor Parnassus
13%
The Man Who Cried
5.6%
Remove Ads.
Support Sporcle.
Get the best of Sporcle when you Go Orange. This ad-free experience offers more features, more stats, and more fun while also helping to support Sporcle. Thank you for becoming a member.

You're not logged in!

Compare scores with friends on all Sporcle quizzes.
OR
Log In

Show Comments

Extras

Top Quizzes Today


Score Distribution

Your Account Isn't Verified!

In order to create a playlist on Sporcle, you need to verify the email address you used during registration. Go to your Sporcle Settings to finish the process.

Report this User

Report this user for behavior that violates our Community Guidelines.

Details: